| 000 | 00659nam a2200169 a 4500 | ||
|---|---|---|---|
| 008 | 120416s1986 xx |||||||||||||| || u | ||
| 050 | _aTH 435 See | ||
| 100 | _aSeeley, Ivor H | ||
| 245 | 1 | 0 | _aBuilding quantities explained. (S.I. ed.) |
| 250 | _aS.I. ed. | ||
| 260 | _c1986 | ||
| 350 | _a0.00 | ||
| 650 | _aBUILDING | ||
| 650 | _aBUILDING--ESTIMATES | ||
| 995 |
_aBINDERY (DAMAGED) _D0.00 _e718205 _FCBU-MAIN LIBRARY (Kitwe) _H2 _I1.60 _jTH 435 See _M1 _UDAMAGED _y015265 _ZMain Library Open Access Collection |
||
| 995 |
_aMAIN LIBRARY OPEN ACCESS _D0.00 _e718204 _FCBU-MAIN LIBRARY (Kitwe) _H1 _I1.60 _jTH 435 See _M2 _UOUT _y015266 _ZMain Library Open Access Collection |
||
| 999 |
_c77823 _d77823 |
||